Представление документа в формате MARC21

Поле Инд. ПП Название Значение
Тип записи a
Библиографический уровень b
001 Контрольный номер RU/IS/BASE/308922815
005 Дата корректировки 20200601191450.6
008 Кодируемые данные 20091015
040 b Код языка каталог. rus
e Правила каталог. PSBO
041 0_ a Код языка текста rus
084 a Индекс другой классификации/Индекс ББК 81.21; 66.01; 60.562.5; 81.006.2
100 1_ a Автор Мухарямов Н. М.
q Полное имя Мухарямов Наиль Мидхатович
100 1_ a Автор Закамулина М. Н.
q Полное имя Закамулина Миляуша Нурулловна
245 10 a Заглавие Парадипломатия в языковых измерениях: к построению концептуальной модели
504 a Библиография Библиогр.: с. 108
520 0_ a Аннотация Парадипломатия - условное обозначение международной активности субнациональных регионов, которая часто споряжена с языковыми процесса. Концепутальная модель исследования этого феномена в контексте глоттополитики может складываться из множества компонентов
650 04 a Основная рубрика политика
a Основная рубрика политология
a Основная рубрика социолингвистика
a Основная рубрика социология
a Основная рубрика филологические науки
a Основная рубрика языковая политика
a Основная рубрика языкознание
653 0_ a Ключевые слова политическое пространство
a Ключевые слова Россия
a Ключевые слова языковое пространство
773 08 t Заглавие источника Вестник Московского университета. Серия 18, Социология и политология
d Дата издания источника 2009
g Прочая информация № 1. - С. 101 - 108
w Контрольный № источника RU/IS/BASE/299591355
901 t Тип документа b